| 000 | 00944nam a22002777a 4500 | ||
|---|---|---|---|
| 001 | 2032598 | ||
| 003 | OSt | ||
| 005 | 20221129025738.0 | ||
| 008 | 151111b xxu||||| |||| 00| 0 eng d | ||
| 020 | _a0070089027 | ||
| 040 |
_aMMU _cMMU _dMMU _beng |
||
| 050 | 0 | 0 |
_aQA37.2 _b.B83 1993 |
| 082 | 0 | 0 |
_a510 _220 |
| 100 | 1 | _aBudnick, Frank S. | |
| 245 | 1 | 0 |
_aApplied mathematics for business, economics, and the social sciences / _cFrank S. Budnick. |
| 250 | _a4th ed. | ||
| 260 |
_aNew York : _bMcGraw-Hill, _cc1993. |
||
| 300 |
_a1 v. (various pagings) : _bill. (some col.) ; _c24 cm. |
||
| 500 | _aIncludes index. | ||
| 650 | 0 | _aMathematics. | |
| 650 | 0 | _aBusiness mathematics. | |
| 650 | 0 |
_aSocial sciences _xMathematics. |
|
| 906 |
_a7 _bcbc _corignew _d1 _eocip _f19 _gy-gencatlg |
||
| 942 |
_2lcc _cSHORTLOAN _e4th ed. |
||
| 999 |
_c15788 _d15788 |
||